Ilmu pendidikan Islam

Bibliographic Details
Main Author: Muhammad Salih Samak (Author)
Other Authors: Ahmad Ismail (Translator), Saedah Suhaimi (Translator), Wan Amnah Yaacob (Translator)
Format: Book
Language:Malay
Published: Kuala Lumpur : Dewan Bahasa dan Pustaka 1983
Subjects:

MARC

LEADER 00000cam a2200000 7i4500
001 0000000839
005 20240919.0
008 991124 my may
040 |a INS   |b eng   |e rda 
090 0 0 |a LC904   |b .M85 1983 
100 0 |a Muhammad Salih Samak ,   |e author 
245 1 0 |a Ilmu pendidikan Islam   |c Muhammad Salih Samah   |f terjemahan Wan Amnah Yaacob, Saedah Suhaimi, Ahmad Ismail 
264 1 |a Kuala Lumpur :   |b Dewan Bahasa dan Pustaka   |c 1983 
264 4 |c ©1983 
300 |a ix, 556 pages ;   |c 22 cm. 
336 |a text  |2 rdacontent 
337 |a unmediated  |2 rdamedia 
338 |a volume  |2 rdacarrier 
650 0 |a Islamic religions education 
700 0 |a Ahmad Ismail ,   |e translator 
700 0 |a Saedah Suhaimi ,   |e translator 
700 0 |a Wan Amnah Yaacob ,   |e translator 
999 |a 0000003219   |b BOOK   |c Open Shelf   |e Default branch